000 00318nam a2200133Ia 4500
008 191201s2010 xx 000 0 und d
100 _aDESWAL, S
245 0 _aBasics of Biotechnology
250 _aRep
260 _c2010
_bDhanpat Rai Pubns (P) Ltd
_aN.Delhi
300 _amisc
650 _aAPPLIED
942 _2ddc
_cBB
999 _c7442
_d7442